[Event "Isle of Man op"]
[Site "Isle of Man"]
[Date "1995.??.??"]
[Round "5"]
[White "Miles, Anthony J"]
[Black "Arkell, Keith C"]
[Result "1-0"]
[WhiteElo "2600"]
[BlackElo "2505"]

1.d4 Nf6 2.Bg5 d5 3.Bxf6 exf6 4.e3 Bd6 5.Bd3 g6 6.Nf3 O-O 7.Nbd2 f5 8.O-O Nd7
9.c4 Nf6 10.cxd5 Nxd5 11.Nc4 Be7 12.Rc1 c6 13.a3 a5 14.Qd2 Be6 15.Rfd1 Re8
16.Bf1 Nf6 17.Qc2 Bd5 18.Ncd2 Bd6 19.g3 Qe7 20.Bc4 Bxc4 21.Nxc4 Bc7 22.Nce5 Nd5
23.Re1 Bd6 24.Qc4 Kg7 25.Qf1 h6 26.Qg2 Qe6 27.Nd3 Nf6 28.Nd2 Ne4 29.Nxe4 fxe4
30.Nc5 Qe7 31.Na4 Qe6 32.Rc3 h5 33.h4 Qg4 34.Nc5 Re7 35.Rec1 a4 36.Rc4 b5
37.R4c2 f6 38.Kf1 g5 39.Qh1 Kf7 40.Ke1 Kg6 41.Kd2 Qf5 42.Qf1 Qd5 43.Qe2 Bc7
44.Rh1 Ba5+ 45.Kc1 g4 46.Kb1 Rea7 47.Ka1 Bc7 48.Rcc1 Rb8 49.Qc2 f5 50.Qb1 Kf6
51.Qa2 Rd8 52.Rc2 Ke7 53.Rhc1 Bb6 54.Kb1 Rd6 55.b3 axb3 56.Nxb3 Ra4 57.Nc5 Qxa2+
58.Kxa2 Ra7 59.Kb2 Ra8 60.Nb3 Kd7 61.Rc3 Ra7 62.R1c2 Ra8 63.Nc1 Rf6 64.Ne2 Bc7
65.Kb1 Ba5 66.Rb3 Bc7 67.d5 cxd5 68.Rd2 Rb6 69.Nc3 Ke6 70.Rxd5 b4 71.axb4 Be5
72.Rc5 Rba6 73.Kc1 Ra1+ 74.Rb1 R1a3 75.Kc2 Rd8 76.b5 Bxc3 77.Rxc3 Ra2+ 78.Kb3 Rxf2
79.b6 Rg2 80.b7 Rb8 81.Kc4 Rxg3 82.Rb6+ Kd7 83.Kd5 Rg1 84.Rd6+ Ke7 85.Rc7+ Ke8  1-0

[Event "Isle of Man op"]
[Site "Isle of Man"]
[Date "1995.??.??"]
[Round "6"]
[White "Hodgson, Julian M"]
[Black "Stohl, Igor"]
[Result "1-0"]
[WhiteElo "2590"]
[BlackElo "2525"]

1.d4 Nf6 2.Bg5 c5 3.d5 Ne4 4.Bf4 Qb6 5.Bc1 e6 6.f3 Nf6 7.c4 exd5 8.cxd5 c4
9.e3 Qa5+ 10.Nc3 b5 11.Qd4 Bb4 12.Qe5+ Kf8 13.a3 Bb7 14.axb4 Qxa1 15.Nge2 Qa6
16.Nd4 d6 17.Qf4 Qb6 18.Nf5 a5 19.Nxg7 Kxg7 20.Qg5+ Kf8 21.Qxf6 Rg8 22.Qh6+ Rg7
23.e4 Kg8 24.Be3 Qd8 25.bxa5 Rxa5 26.Bd4 Rg6 27.Qd2 Nd7 28.h4 Nc5 29.h5 Rg5
30.Qf4 Rxg2 31.Nd1 Ra1 32.b4 Rb1 33.Bxc5 c3 34.Rh2 Rxh2 35.Qg3+ Kh8  1-0

[Event "Karditsa"]
[Site "Karditsa"]
[Date "1995.??.??"]
[Round "6"]
[White "Miladinovic, Igor"]
[Black "Kotronias, Vasilios"]
[Result "1/2-1/2"]
[WhiteElo "2535"]
[BlackElo "2570"]

1.d4 Nf6 2.Bg5 c5 3.dxc5 e6 4.Nd2 Bxc5 5.e3 d5 6.Ngf3 Nbd7 7.Bd3 h6 8.Bh4 Be7
9.c4 Nc5 10.Be2 O-O 11.O-O b6 12.Nb3 Nce4 13.cxd5 Nxd5 14.Bxe7 Qxe7 15.Nbd4 Bb7
16.Rc1 Nc5 17.Nb3 Ne4 18.Nbd4  1/2-1/2

[Event "Kishinev Interzonal (Women)"]
[Site "Kishinev"]
[Date "1995.??.??"]
[Round "4"]
[White "Zaitseva, Ludmila G"]
[Black "Ioseliani, Nana"]
[Result "0-1"]
[WhiteElo "2360"]
[BlackElo "2475"]

1.d4 Nf6 2.Bg5 c5 3.Bxf6 gxf6 4.d5 Qb6 5.Qc1 f5 6.e3 Bg7 7.c3 e5 8.Na3 d6
9.Nc4 Qc7 10.a4 Nd7 11.Ne2 Nf6 12.Qd1 O-O 13.Ng3 f4 14.Nh5 Nxh5 15.Qxh5 fxe3
16.Nxe3 f5 17.g4 Qf7 18.Qxf7+ Rxf7 19.Nxf5 Bxf5 20.gxf5 Rxf5 21.Bh3 Rf4 22.Be6+ Kh8
23.Rg1 Raf8 24.Rg2 Bf6 25.Ke2 Bh4 26.Rag1 Rxf2+ 27.Kd3 h6 28.h3 Bg5 29.Rxf2 Rxf2
30.b4 Rf3+ 31.Kc2 cxb4 32.cxb4 e4 33.Re1 Rf2+ 34.Kb3 e3 35.Bc8 b6 36.Bg4 Kg7
37.Kc4 Kf6 38.Kb5 Ke5 39.Ka6 Ra2 40.Bd1 Kd4 41.Kxa7 Kc3 42.b5 Ra1 43.a5 Kd2
44.Rf1 Rxd1 45.Rxd1+ Kxd1 46.axb6 e2 47.b7  0-1

[Event "Kishinev Interzonal (Women)"]
[Site "Kishinev"]
[Date "1995.??.??"]
[Round "5"]
[White "Danielian, Elina"]
[Black "Qin Kanying"]
[Result "1/2-1/2"]
[WhiteElo "2320"]
[BlackElo "2370"]

1.d4 Nf6 2.Bg5 g6 3.Bxf6 exf6 4.e3 Bg7 5.g3 O-O 6.Bg2 d6 7.Ne2 Re8 8.c4 c5
9.Nbc3 Nc6 10.O-O Bg4 11.dxc5 dxc5 12.h3 Be6 13.b3 Qa5 14.Nd5 f5 15.Nef4 Nb4
16.Rc1 Bxd5 17.Nxd5 Qxa2 18.Nxb4 cxb4 19.Bxb7 Rad8 20.Bd5 Bc3 21.Qc2 Qa5
22.Rcd1 Qc5 23.Rd3 Rd6 24.Rfd1 Red8 25.Bf3 Kf8 26.Rxd6 Rxd6 27.Rxd6 Qxd6
28.Qa2 Qb6 29.Qa4 Ke7 30.Bd5 h5 31.h4 Be5 32.Kg2 Bc3 33.Bf3  1/2-1/2

[Event "Konik op"]
[Site "?"]
[Date "1995.??.??"]
[Round "?"]
[White "Skola, Miroslav"]
[Black "Kolar, Srecko"]
[Result "0-1"]
[WhiteElo "2225"]
[BlackElo "2080"]

1.d4 Nf6 2.Bg5 d5 3.Nd2 Bf5 4.f3 Nbd7 5.g4 Bg6 6.Nh3 h6 7.Bh4 e5 8.e3 Bd6
9.c3 O-O 10.Be2 exd4 11.exd4 Re8 12.O-O c6 13.Re1 Qc7 14.Nf1 a5 15.Qd2 b5
16.Bd3 Bxd3 17.Qxd3 b4 18.Kg2 c5 19.Bf2 c4 20.Qd2 Nf8 21.Bg3 bxc3 22.bxc3 Ng6
23.Ne3 Rab8 24.Rab1 Rxb1 25.Rxb1 Nf4+ 26.Nxf4 Bxf4 27.Re1 Bxe3 28.Rxe3 Qd7
29.Be5 Nh7 30.Qb2 Nf8 31.Kf2 Ng6 32.Bg3 Rxe3 33.Kxe3 Qe7+ 34.Kf2 Qg5 35.h3 Kh7
36.Qc2 Kg8 37.Qb2 Kh7 38.Bc7 Nf4 39.Kg3 Nd3 40.Qe2 Qc1 41.Bxa5 Qa3 42.Bb4 Nxb4
43.cxb4 Qxb4 44.Qc2+ g6 45.Kf2 Qa3 46.Ke2 Qe7+ 47.Kf2 Qh4+ 48.Ke3 Qe1+ 49.Kf4 c3  0-1

[Event "Krasnodar"]
[Site "Krasnodar"]
[Date "1995.??.??"]
[Round "1"]
[White "Beshukov, Sergei"]
[Black "Maiorov, Oleg"]
[Result "0-1"]
[WhiteElo "2500"]
[BlackElo "2335"]

1.d4 Nf6 2.Bg5 d5 3.Bxf6 gxf6 4.e3 c6 5.c4 e6 6.Nc3 Nd7 7.Bd3 Bd6 8.g4 b6
9.cxd5 cxd5 10.Qf3 Bb7 11.Nge2 h5 12.gxh5 f5 13.O-O-O Qh4 14.Nf4 Nf6 15.Qg3 Rxh5
16.Nb5 Bxf4 17.exf4 Kd7 18.Be2 Rh7 19.Qe3 Bc6 20.Kb1 Ne4 21.f3 Qf2 22.Qd3 a6
23.Na3 Nd6 24.Rhf1 Qh4 25.Rc1 Rhh8 26.Qc3 Rhc8 27.Qe3 b5 28.b3 b4 29.Nc2 a5
30.Ne1 Bb5 31.Rc5 Bxe2 32.Qxe2 Qxf4 33.Nc2 Ra7 34.Rxc8 Kxc8 35.h4 Kd7 36.h5 Qh6
37.Ne1 Ke7 38.Kb2 Rc7 39.Nd3 Nb5 40.Qf2 Na3 41.Qh4+ Ke8 42.Qf4 Rc2+ 43.Ka1 Qg7
44.Rd1 Qg2 45.Qb8+ Ke7 46.Nxb4 Qxf3 47.Nc6+ Rxc6 48.Qb7+ Kd6 49.Qb8+ Kd7  0-1

[Event "Krasnodar"]
[Site "Krasnodar"]
[Date "1995.??.??"]
[Round "6"]
[White "Aleksandrov, Aleksej"]
[Black "Nadyrhanov, S."]
[Result "1-0"]
[WhiteElo "2510"]
[BlackElo "2470"]

1.d4 Nf6 2.Bg5 c5 3.Bxf6 gxf6 4.d5 Qb6 5.Qc1 f5 6.c4 Bg7 7.Nc3 d6 8.e3 Nd7
9.Qd2 Nf6 10.f3 e5 11.Bd3 h5 12.Nge2 Bh6 13.Qc2 Bxe3 14.Bxf5 Bxf5 15.Qxf5 Qxb2
16.Rb1 Qd2+ 17.Kf1 Rh6 18.Rd1 Qb2 19.Qd3 Bd4 20.Rb1 Qa3 21.Qd2 Rg6 22.Nb5 Qa4
23.Nc7+ Kf8 24.Nxa8 Ne4 25.Qd3 Nf2 26.Qb3 Qa5 27.Nxd4 cxd4 28.Qb5 Qxa2 29.Qb2 Qxb2
30.Rxb2 Nxh1 31.Kg1 e4 32.fxe4 Rg4 33.Kxh1 Rxe4 34.Kg1 d3 35.Kf2 Rxc4 36.Rxb7 Rd4
37.Ke1 d2+ 38.Kd1 Rxd5 39.Rb2 Rc5 40.Ra2 Rc8 41.Rxa7 Rc1+ 42.Kxd2 Rg1 43.g3 Rg2+
44.Ke3 Rxh2 45.Ra4 Kg7 46.Rh4 Rxh4 47.gxh4 Kf6 48.Kf4 d5 49.Nc7 d4 50.Nd5+ Kg7
51.Ke4 Kg6 52.Nf4+ Kf6 53.Nxh5+ Kg6 54.Nf4+ Kf6 55.Kxd4 Kf5 56.Ke3 Kg4 57.h5 Kg5
58.Ke4  1-0

[Event "Krasnodar"]
[Site "Krasnodar"]
[Date "1995.??.??"]
[Round "8"]
[White "Beshukov, Sergei"]
[Black "Nadyrhanov, S."]
[Result "0-1"]
[WhiteElo "2500"]
[BlackElo "2470"]

1.d4 Nf6 2.Bg5 c5 3.Bxf6 gxf6 4.d5 Qb6 5.Qc1 f5 6.g3 Bg7 7.c3 d6 8.e3 Nd7
9.Nh3 Nf6 10.Bc4 e5 11.Ng5 Bd7 12.Nd2 Qd8 13.a4 Ng4 14.Ngf3 O-O 15.h3 Nh6
16.Qc2 Kh8 17.Bb5 Bc8 18.O-O-O a6 19.Be2 Bd7 20.Rdg1 e4 21.Nh4 b5 22.Ng2 b4
23.Nc4 Bb5 24.g4 bxc3 25.b3 Bxc4 26.Bxc4 Qe7 27.Nf4 Be5 28.g5 Ng8 29.Nh5 Qb7
30.f4 exf3 31.Qxf5 Ne7 32.Qxf3 Qb4 33.Kc2 Qa3 34.Kd3 Rab8 35.Qd1 Ng6 36.Qc2 Bg7
37.Nxg7 Ne5+ 38.Ke4 Nxc4 39.Nf5 Rxb3 40.Rc1 Re8+ 41.Kf4 Rb2 42.Qd3 Ne5 43.Qf1 Rf2+
44.Qxf2 Nd3+ 45.Kf3 Nxf2 46.Kxf2 Qa2+  0-1

[Event "Kuopio op1"]
[Site "Kuopio"]
[Date "1995.??.??"]
[Round "?"]
[White "Paasikangas, Johanna"]
[Black "Sepp, Olav"]
[Result "0-1"]
[WhiteElo "2140"]
[BlackElo "2460"]

1.d4 Nf6 2.Bg5 c5 3.Bxf6 gxf6 4.d5 Qb6 5.Qc1 f5 6.c3 d6 7.g3 Nd7 8.Nd2 Nf6
9.Bg2 e6 10.c4 Bg7 11.Rb1 O-O 12.e3 f4 13.e4 Bh6 14.Ne2 e5 15.f3 Qd8 16.g4 Bg7
17.Nc3 h5 18.h3 Nh7 19.Ke2 Bf6 20.Nd1 Bh4 21.Nf2 Kh8 22.Nd3 Bd7 23.a3 Rg8
24.Qc3 Rg7 25.Rhg1 Qc7 26.Nf2 Rag8 27.Qd3 Bxf2 28.Kxf2 Nf8 29.Qc2 Ng6 30.b4 Nh4
31.Bh1 b6 32.b5 Qd8 33.Rbe1 f5 34.exf5  0-1

[Event "Las Palmas op"]
[Site "Las Palmas"]
[Date "1995.??.??"]
[Round "1"]
[White "Bellon Lopez, Juan Manuel"]
[Black "Martinez Torho, Jorge"]
[Result "1-0"]
[WhiteElo "2490"]
[BlackElo "2075"]

1.d4 Nf6 2.Bg5 d5 3.e3 e6 4.Nf3 Be7 5.c4 O-O 6.Nc3 dxc4 7.Bxc4 a6 8.Qc2 c5
9.O-O-O cxd4 10.Rxd4 Qa5 11.Bd3 Nc6 12.Ra4 Qc7 13.Rc4 b5 14.Rxc6  1-0

[Event "Las Palmas op"]
[Site "Las Palmas"]
[Date "1995.??.??"]
[Round "1"]
[White "Rogers, Ian"]
[Black "Castellano, Jose"]
[Result "1-0"]
[WhiteElo "2600"]
[BlackElo "2175"]

1.d4 d5 2.Bg5 Nf6 3.Nd2 g6 4.Bxf6 exf6 5.e3 Bg7 6.Bd3 O-O 7.h4 h5 8.Ne2 Re8
9.c3 Nd7 10.Qb3 Nf8 11.c4 dxc4 12.Bxc4 Ne6 13.O-O-O Qe7 14.Kb1 a6 15.Rc1 Bd7
16.Nc3 c6 17.Qb6 Rec8 18.Ka1 Nc7 19.Nde4 Be6 20.Bxe6 Nxe6 21.d5 Nf8 22.d6 Qe6
23.Qxb7 Nd7 24.Qb3 Qf5 25.Qc2 Qa5 26.Nd2 Rcb8 27.Nb3 Qe5 28.Rhd1 f5 29.Nd4 Rb6
30.Na4 Rab8 31.Rb1 c5 32.Nxb6 Rxb6 33.Nb3 a5 34.Nxa5 Ra6 35.Nc4 Qe8  1-0

[Event "Las Palmas op"]
[Site "Las Palmas"]
[Date "1995.??.??"]
[Round "4"]
[White "Bellon Lopez, Juan Manuel"]
[Black "Hernandez, Gilberto"]
[Result "1/2-1/2"]
[WhiteElo "2490"]
[BlackElo "2525"]

1.d4 Nf6 2.Bg5 c5 3.Bxf6 gxf6 4.d5 Qb6 5.Qc1 f5 6.e3 Bg7 7.c3 d6 8.Nh3 Nd7
9.Nf4 Nf6 10.Bc4 Bd7 11.a4 O-O 12.O-O Rae8 13.a5 Qc7 14.Qd1 Kh8 15.Nd2 Rg8
16.Nh5 e6 17.Nxf6 Bxf6 18.g3 Rg6 19.Re1 Kg7 20.f4 b5 21.axb6 axb6 22.e4 e5
23.exf5 Bxf5 24.fxe5 Rxe5 25.Rxe5 Bxe5 26.Nf3 Bg4 27.Be2 Bxf3 28.Bxf3 Qe7
29.Qe2 Qg5 30.Rf1 b5 31.Bh5 Rf6 32.Rxf6 Bxf6 33.Qg4 Qxg4  1/2-1/2

[Event "Lazne Bohdanec"]
[Site "Lazne Bohdanec"]
[Date "1995.??.??"]
[Round "1"]
[White "Jansa, Vlastimil"]
[Black "David, Pavel"]
[Result "1-0"]
[WhiteElo "2525"]
[BlackElo "2445"]

1.d4 Nf6 2.Bg5 c5 3.Bxf6 gxf6 4.d5 Qb6 5.Qc1 Bg7 6.c4 O-O 7.Nc3 f5 8.e3 Qf6
9.Nh3 e5 10.Be2 d6 11.f4 Qh4+ 12.Kd2 Nd7 13.Kc2 Qe7 14.Qe1 Nf6 15.Bd3 Bd7
16.Qg3 b5 17.fxe5 dxe5 18.Rhf1 f4 19.exf4 e4 20.Be2 bxc4 21.f5 Rab8 22.Rab1 Rb6
23.Qf4 Rfb8 24.Nf2 Qe8 25.Bxc4 Rb4 26.b3 e3 27.Nd3 Nh5 28.Qf3 Rxc4 29.bxc4 Ba4+
30.Rb3 Bxb3+ 31.axb3 Nf6 32.g4 Nd7 33.g5 Bd4 34.Ra1 Qd8 35.Ra3 Qxg5 36.Ne4 Qg1
37.Qg3+ Qxg3 38.hxg3 Rb7 39.Kd1 Kg7 40.Ke2 Nf6 41.Nexc5 Re7 42.d6  1-0

[Event "NLD-ch U26"]
[Site "Leeuwarden"]
[Date "1995.??.??"]
[Round "4"]
[White "Tondivar, Babak"]
[Black "Lemmers, Oscar"]
[Result "1-0"]
[WhiteElo "2350"]
[BlackElo "2365"]

1.d4 Nf6 2.Bg5 c5 3.Nc3 cxd4 4.Qxd4 Nc6 5.Qh4 e6 6.O-O-O Be7 7.e4 O-O 8.f4 e5
9.fxe5 Nxe5 10.Nf3 h6 11.Nxe5 hxg5 12.Qg3 d5 13.exd5 Bd6 14.Qxg5 Bxe5 15.Qxe5 Bg4
16.Rd2 Re8 17.Qg3 Qa5 18.Bc4 b5 19.Bxb5 Rec8 20.Bc6 Rab8 21.Qf4 Rb4 22.Rd4 Rcb8
23.Rxb4 Rxb4 24.Qe5 Qb6 25.b3 Rd4 26.Re1 a6 27.h3 Bh5 28.Qe3 Bg6 29.Kb2 Qb4
30.a3 Qc5 31.Re2 Kh7 32.Na4 Qa7 33.d6 Ne4 34.Bxe4 Bxe4 35.c3 Rd2+ 36.Qxd2  1-0

[Event "Leeuwarden op"]
[Site "Leeuwarden"]
[Date "1995.??.??"]
[Round "8"]
[White "Tondivar, Babak"]
[Black "Fauland Borek, Jutta"]
[Result "1-0"]
[WhiteElo "2315"]
[BlackElo "2115"]

1.d4 Nf6 2.Bg5 d5 3.Bxf6 exf6 4.e3 c6 5.Bd3 Bd6 6.Ne2 Be6 7.Nd2 Nd7 8.O-O f5
9.c4 Nf6 10.a3 Ne4 11.cxd5 cxd5 12.Rc1 g6 13.Nf3 h5 14.Bb1 g5 15.Ba2 h4 16.Ne5 Nf6
17.Nc3 Ng4 18.Bxd5 Bxd5 19.Nxd5 Nxe5 20.dxe5 Bxe5 21.f4 gxf4 22.exf4 Bxb2
23.Qe2+  1-0

[Event "Liechtenstein op"]
[Site "Liechtenstein"]
[Date "1995.??.??"]
[Round "?"]
[White "Elkuch, Harald"]
[Black "Ziger, Silvestar"]
[Result "0-1"]
[WhiteElo "2200"]
[BlackElo "2265"]

1.d4 Nf6 2.Bg5 g6 3.Bxf6 exf6 4.g3 d5 5.Bg2 c6 6.Nd2 Qb6 7.Nb3 Bg7 8.e3 O-O
9.Ne2 Re8 10.O-O Bg4 11.h3 Bf5 12.g4 Be6 13.Ng3 a5 14.a4 Nd7 15.c3 f5 16.gxf5 Bxf5
17.Nxf5 gxf5 18.Qc2 Nf6 19.Nc1 Ne4 20.Nd3 Rad8 21.Kh1 Rd6 22.Rg1 Kh8 23.Nf4 Bh6
24.Nh5 Qd8 25.Bxe4 fxe4 26.Qe2 f5 27.Rg3 Qh4 28.Kh2 Rg6 29.Rag1 Reg8 30.f4 exf3
31.Qxf3 Qe4 32.Qxe4 fxe4 33.Rxg6 Rxg6 34.Rf1 Bxe3 35.Rf8+ Rg8 36.Rf7 Bg5
37.Kg2 Bh6+ 38.Kf1 Rf8 39.Rxf8+ Bxf8 40.Ke2 Kg8 41.Nf4 Be7 42.Ne6 Kf7 43.Nf4 Bg5
44.Ng2 Ke6 45.Ne1 Kf5 46.Ng2 b5 47.b3 Ke6 48.Ne1 Kd6 49.Nc2 Bc1 50.Kd1 Bb2
51.Kd2 b4 52.cxb4 axb4 53.Ke2 Bc3 54.Ke3 c5 55.dxc5+ Kxc5 56.Kf4 Bd2+ 57.Kg3 d4
58.Kf2 d3 59.Ne3 Bxe3+ 60.Kxe3 Kd5 61.h4 h5 62.Kd2 Kd4 63.Kd1 e3 64.Kc1 e2
65.Kd2 Ke4  0-1

[Event "Linares op"]
[Site "Linares"]
[Date "1995.??.??"]
[Round "?"]
[White "Hernandez Basante, Francisco"]
[Black "Arbakov, Valentin"]
[Result "0-1"]
[WhiteElo "2245"]
[BlackElo "2500"]

1.d4 Nf6 2.Bg5 d5 3.Nd2 c5 4.e3 Qb6 5.Ngf3 Nc6 6.c4 cxd4 7.Bxf6 exf6 8.cxd5 dxe3
9.dxc6 exd2+ 10.Nxd2 Bc5 11.Qe2+ Kf8 12.O-O-O Qxc6 13.Kb1 Bf5+ 14.Ka1 Re8
15.Qc4 g6 16.Nb3 Bxf2 17.Qb4+ Kg7 18.Bb5 Qe4 19.Nd4 Bg4 20.Rd3 Rd8 21.Nc2 Qxg2
22.Rc1 Bf5 23.Ne3 Bxe3 24.Rxe3 Qxh2 25.Rce1 Qd2 26.Qb3 Bc2  0-1

[Event "Linkoping zt (Women)"]
[Site "Linkoping"]
[Date "1995.??.??"]
[Round "8"]
[White "Paasikangas, Johanna"]
[Black "Johansson, Victoria"]
[Result "1-0"]
[WhiteElo "2140"]
[BlackElo "2140"]

1.d4 Nf6 2.Bg5 d5 3.Bxf6 gxf6 4.Nf3 Bg4 5.e3 c6 6.c4 dxc4 7.Bxc4 e6 8.h3 Bh5
9.Nbd2 Nd7 10.a3 Nb6 11.Ba2 f5 12.Qc2 Nd5 13.g4 fxg4 14.hxg4 Bg6 15.Qb3 Qb6
16.Ne5 Bg7 17.Nxg6 hxg6 18.Rxh8+ Bxh8 19.Qc2 Rc8 20.Bxd5 exd5 21.b4 Qd8 22.Ke2 Qh4
23.Rg1 Qe7 24.Nf3 a5 25.Rb1 axb4 26.Rxb4 Bg7 27.Qb3 Rc7 28.Rb6 Qd7 29.g5 f6
30.gxf6 Bxf6 31.a4 g5 32.Qc2 Qg7 33.Qf5 g4 34.Nh2 g3 35.fxg3 Bxd4 36.Rxb7 Be5
37.Qe6+ Qe7 38.Rb8+  1-0

[Event "Lisboa Mestres-B"]
[Site "Lisboa"]
[Date "1995.??.??"]
[Round "4"]
[White "Amaral, Nuno"]
[Black "Gaspar, Artur"]
[Result "0-1"]
[WhiteElo "2165"]
[BlackElo "2220"]

1.d4 Nf6 2.Bg5 c5 3.Nc3 Qa5 4.Bxf6 gxf6 5.d5 Bg7 6.Qd2 d6 7.e4 O-O 8.Nge2 f5
9.exf5 Bxf5 10.g4 Bc8 11.h4 Nd7 12.Nf4 Qb4 13.O-O-O Qd4 14.Bd3 Ne5 15.Rh3 Ng6
16.Nfe2 Qxg4 17.Rdh1 Qh5 18.Rg3 Qh6 19.f4 Kh8 20.h5 Rg8 21.Qe3 Bd7 22.Rhg1 Qxh5
23.Be4 Qh4 24.Rg5 Bh6 25.Rh1 Bxg5 26.Rxh4 Bxh4 27.Qf3 Bf6 28.Qh5 Rg7 29.Kd1 Nxf4
30.Qh2 Nxe2 31.Nxe2 Rag8 32.Nf4 Be5 33.Qh6 Bxf4 34.Qxf4 Rg4 35.Qf3 Rg1+  0-1

[Event "POL-chT"]
[Site "Lubniewice"]
[Date "1995.??.??"]
[Round "8"]
[White "Lukasiewicz, Grzegorz"]
[Black "Dobrowolski, Piotr"]
[Result "0-1"]
[WhiteElo "2345"]
[BlackElo "2390"]

1.d4 Nf6 2.Bg5 c5 3.Bxf6 gxf6 4.d5 Qb6 5.Qc1 Bh6 6.e3 f5 7.Ne2 d6 8.c4 Nd7
9.Qc2 Nf6 10.Nec3 Rg8 11.g3 Bd7 12.Bd3 e6 13.Nd2 Ng4 14.a3 Qd8 15.Nf3 Qf6
16.O-O-O a6 17.Qe2 O-O-O 18.Ne1 Qe7 19.f4 e5 20.h3 Nf6 21.Qf2 exf4 22.gxf4 Ne4
23.Bxe4 fxe4 24.Nc2 Bg7 25.Qd2 Bh8 26.Rh2 Rg3 27.Rdh1 Rdg8 28.Ne2 Rg2 29.Ne1 Rxh2
30.Rxh2 h5 31.Qc2 h4 32.Kd2 Bf5 33.Kd1 Kb8 34.Nc3 Rg3 35.Kd2 Qf6 36.Nd1 Qg6
37.Nf2 Rxe3 38.Kxe3 Qg3+ 39.Ke2 Qxh2  0-1

[Event "Madras zt"]
[Site "Madras"]
[Date "1995.??.??"]
[Round "4"]
[White "Sarsam, SA."]
[Black "Momeni, Hadi"]
[Result "1-0"]
[WhiteElo "2430"]
[BlackElo "2330"]

1.d4 Nf6 2.Bg5 c5 3.Bxf6 gxf6 4.d5 Qb6 5.Qc1 f5 6.g3 Bg7 7.c3 O-O 8.Bg2 d6
9.Nd2 Nd7 10.Qc2 Ne5 11.Nh3 Bd7 12.O-O Qa6 13.Rfe1 b5 14.Nf4 c4 15.Nf1 Qb6
16.h3 Rab8 17.Ne3 e6 18.Qd2 Rfd8 19.Nh5 Bh8 20.g4 b4 21.dxe6 fxe6 22.gxf5 bxc3
23.bxc3 Be8 24.Nf4 Qb2 25.Qxb2 Rxb2 26.Nxe6 Rdb8 27.f4 Nf7 28.Nxc4 Rc2 29.Rab1 Rc8
30.Ne3 R2xc3 31.Nd5 h6 32.Nxc3 Bxc3 33.Rec1 Bd7 34.Kf1 Ba4 35.e3 a6 36.Bb7 Rc4
37.Bxa6  1-0

[Event "Mainz op"]
[Site "Mainz"]
[Date "1995.??.??"]
[Round "1"]
[White "Eilers, Stefan"]
[Black "Wiens, Helmut"]
[Result "1-0"]
[WhiteElo "2305"]
[BlackElo "2220"]

1.d4 Nf6 2.Bg5 d5 3.Bxf6 exf6 4.c4 Bb4+ 5.Nc3 O-O 6.e3 c6 7.cxd5 Qxd5 8.a3 Bxc3+
9.bxc3 Nd7 10.Nf3 f5 11.Bd3 Nf6 12.O-O Re8 13.Ne5 Qd6 14.Qc2 g6 15.Qb3 Re7
16.Bc4 Be6 17.Rfe1 Ne4 18.Bxe6 Qxe6 19.Qc2 f6 20.Nd3 Qc4 21.Rec1 Rd8 22.a4 Kg7
23.a5 Nd6 24.Rab1 Ne4 25.Rb4 Qe6 26.Rcb1 Rb8 27.c4 Qc8 28.R4b3 Qd8 29.a6 b6
30.c5 b5 31.Nb4 Rc8 32.Rd3 Rd7 33.Rbd1 Qa5 34.Qb2 Qc7 35.f3 Ng5 36.Qb3 Rcd8
37.Qa2 Nf7 38.Qe6 Rc8 39.f4 Nd8 40.Qa2 Nf7 41.Qb2 Rcd8 42.Qc3 Rd5 43.Nxd5 Rxd5
44.R3d2 Nh6 45.g3 Qe7 46.Qd3 Qe4 47.Rb2 Ng4 48.Rb3 Kf7 49.Qe2 h5 50.h3 Nh6
51.Qg2 Ke6 52.Qe2 Ke7 53.Kf2 Ke6 54.Rb2 Ke7 55.Qd2 Kd7 56.Qc2 Ke6 57.Rf1 Qxc2+
58.Rxc2 Rd7 59.Kf3 Kd5 60.Re1 Re7 61.Ke2 Re4 62.Kd3 Re7 63.Rce2 Re4 64.Rf2 Ke6
65.g4 h4 66.gxf5+ Kxf5 67.Ref1  1-0

[Event "CRO-chT"]
[Site "Makarska Tucepi"]
[Date "1995.??.??"]
[Round "?"]
[White "Samovojska, Damir"]
[Black "Almasi, Zoltan"]
[Result "0-1"]
[WhiteElo "2355"]
[BlackElo "2630"]

1.d4 Nf6 2.Bg5 d5 3.Nd2 c6 4.e3 Qb6 5.Rb1 Bf5 6.Ngf3 Nbd7 7.Bd3 Bxd3 8.cxd3 h6
9.Bh4 e6 10.O-O Be7 11.Ne5 Nxe5 12.dxe5 Nd7 13.Bxe7 Kxe7 14.d4 c5 15.e4 dxe4
16.Nxe4 cxd4 17.Qa4 Nxe5 18.Qa3+ Kd7 19.Nc5+ Ke8 20.Rfe1 Nc6 21.b4 Rd8 22.Qg3 Kf8
23.Rb3 Kg8 24.Na4 Qb5 25.Nc5 b6 26.Ne4 Qe5 27.f4 Qf5 28.Qf3 Qd5 29.Qd1 Ne7
30.Rg3 Kh7 31.Qd3 Ng6 32.h4 f5 33.Rxg6 Kxg6 34.Qg3+ Kh7 35.Nf2 d3 36.h5 Rhf8
37.Qg6+ Kh8 38.Rxe6 d2 39.Nd1 Qd4+ 40.Kh1 Qxf4  0-1

[Event "Capablanca mem"]
[Site "Matanzas"]
[Date "1995.??.??"]
[Round "3"]
[White "Miles, Anthony J"]
[Black "Blanco Fernandez, Alvaro"]
[Result "1-0"]
[WhiteElo "2615"]
[BlackElo "2455"]

1.d4 Nf6 2.Bg5 d5 3.Bxf6 exf6 4.e3 Bd6 5.Nf3 O-O 6.Nbd2 c6 7.Bd3 Re8 8.O-O Nd7
9.c4 dxc4 10.Nxc4 Bf8 11.Qc2 g6 12.Rfd1 Nb6 13.a3 a5 14.Rac1 a4 15.Nxb6 Qxb6
16.Nd2 Be6 17.Qb1 Rad8 18.Ne4 Kg7 19.Nc5 Qa7 20.Rc3 Bg4 21.Rdc1 b6 22.Ne4 Bd7
23.g3 f5 24.Ng5 h6 25.Nf3 c5 26.Ne5 Bd6 27.Nxd7 Qxd7 28.dxc5 Bxc5 29.Rd1 Be7
30.Be2 Qb7 31.Bb5 Rxd1+ 32.Qxd1 Rd8 33.Qc2 Bf6 34.Rc6 Rd5 35.Bxa4 Rc5 36.Rxc5 bxc5
37.Bb3 h5 38.h4 Kg8 39.a4 Kg7 40.a5 f4 41.gxf4 Bxh4 42.Qc4 Bd8 43.a6  1-0

[Event "Capablanca mem-B"]
[Site "Matanzas"]
[Date "1995.??.??"]
[Round "7"]
[White "Armas, Jorge"]
[Black "Medina, Miguel"]
[Result "1-0"]
[WhiteElo "2465"]
[BlackElo "2415"]

1.d4 Nf6 2.Bg5 c5 3.Bxf6 gxf6 4.d5 Qb6 5.Qc1 f5 6.e3 Bg7 7.c3 d6 8.Nd2 Nd7
9.Nh3 Nf6 10.Bc4 e6 11.Nf4 Ke7 12.Nf1 Bd7 13.a4 Rhg8 14.Ng3 Bh6 15.Qc2 Rg4
16.h3 Rg5 17.a5 Qc7 18.Qb3 e5 19.Nfe2 Rag8 20.Bb5 Bc8 21.Bd3 Ne4 22.Bxe4 fxe4
23.Nxe4 Rxg2 24.N2g3 f5 25.Kf1 R2xg3 26.Nxg3 Kd8 27.Ne2 f4 28.exf4 Qf7 29.c4 exf4
30.Qf3 Qf6 31.Nc3 Bf5 32.Rd1 a6 33.Rd2 Qg6 34.Ke1 Bc2 35.Re2 Bf5 36.Kd1 Qf6
37.Rhe1 Bg6 38.Re6 Qd4+ 39.Kc1 Bf8 40.R6e4 Bxe4 41.Rxe4 Qf6 42.Kc2 Bh6 43.Re6 Qf5+
44.Qe4 Qxe4+ 45.Nxe4 Bf8 46.Nf6 Rg2 47.Re8+ Kc7 48.Rxf8 Rxf2+ 49.Kb1 Rh2
50.Rf7+ Kb8 51.Ne4 Rxh3 52.Nxd6 f3 53.Rxb7+ Ka8 54.Rf7 Rg3 55.Ne4 Rg4 56.d6  1-0

[Event "Melbourne Masters"]
[Site "Melbourne"]
[Date "1995.??.??"]
[Round "6"]
[White "West, Guy"]
[Black "Rutherford, Simon"]
[Result "1-0"]
[WhiteElo "2400"]
[BlackElo "2250"]

1.d4 Nf6 2.Bg5 d5 3.Nd2 e6 4.e4 Be7 5.exd5 exd5 6.Bd3 Nbd7 7.Ngf3 Nf8 8.Ne5 Ne6
9.Be3 Nd7 10.Ndf3 Nxe5 11.Nxe5 Bg5 12.O-O Nf4 13.Bxf4 Bxf4 14.Qh5 Be6 15.Rae1 Kf8
16.g3 Qg5 17.Qf3 Bxe5 18.Rxe5 Qf6 19.Qe3 c6 20.Re1 g6 21.Qh6+ Qg7 22.Qd2 a5
23.Qf4 Kg8 24.h4 h6 25.a4 Re8 26.Qd2 Qf6 27.Qxa5 Kg7 28.Qd2 Ra8 29.b3 Qf3
30.Qe2 Qxe2 31.R1xe2 Kf6 32.f4 Rhg8 33.Kf2 Rac8 34.Ke3 Ke7 35.Kf2 Kf6 36.R2e3 c5
37.dxc5 Rxc5 38.Re1 Rgc8 39.Ke3 Bf5 40.Kd4 Rc3 41.Rb1 h5 42.Rxd5 Bxd3 43.cxd3 Rc2
44.Re1 R8c7 45.Ree5 Rg2 46.Rd6+ Kg7 47.Re3 Rb2 48.Rb6 Rbc2 49.Rb5 Rd7+ 50.Rd5 Rdc7
51.f5 Rb2 52.Rb5 Rbc2 53.fxg6 fxg6 54.Ree5 Rd2 55.a5 Rb2 56.b4 Rb3 57.Red5 Rf7
58.Rb6 Kh7 59.Rdd6 Rg7 60.b5  1-0

[Event "Fide Mercenarios 2nd"]
[Site "MEX"]
[Date "1995.??.??"]
[Round "?"]
[White "Calderin, Roberto"]
[Black "De Winter, Willy"]
[Result "1-0"]
[WhiteElo "2450"]
[BlackElo "2200"]

1.d4 Nf6 2.Bg5 c5 3.d5 Qb6 4.Nc3 d6 5.e4 g6 6.Qd2 Bg7 7.f3 O-O 8.h4 Nbd7
9.h5 Ne5 10.O-O-O Bd7 11.Bh6 a6 12.Bxg7 Kxg7 13.hxg6 fxg6 14.f4 Neg4 15.Nf3 Bb5
16.e5 Nh5 17.Ng5 Rf5 18.exd6 exd6 19.Bxb5 axb5 20.Qe2 Ne5 21.Rxh5 gxh5 22.Qxh5 Rxg5
23.Qxg5+ Ng6 24.f5 Qd8 25.Qxd8 Rxd8 26.fxg6 b4 27.Ne4 hxg6 28.Rf1 Rd7 29.g4 c4
30.g5 c3 31.bxc3 bxc3 32.Nxc3 Re7 33.Rf6 Rd7 34.Ne4 Re7 35.Re6 Rf7 36.Nf6  1-0

[Event "Fide Mercenarios 3th"]
[Site "MEX"]
[Date "1995.??.??"]
[Round "3"]
[White "Busto, Busto Hector"]
[Black "Zarate Manjarrez, Alfredo"]
[Result "0-1"]
[WhiteElo "2105"]
[BlackElo "2145"]

1.d4 Nf6 2.Bg5 d5 3.e3 c6 4.Bd3 Nbd7 5.Nf3 e6 6.Nbd2 Qb6 7.Qc1 c5 8.c3 Bd6
9.O-O O-O 10.Qb1 h6 11.Bh4 Re8 12.Re1 Qc7 13.Qd1 b6 14.Rc1 Bb7 15.Bb1 Ne4
16.Bg3 Bxg3 17.hxg3 Qd6 18.Bd3 f5 19.Qe2 c4 20.Bc2 b5 21.Nf1 Bc6 22.N3d2 Ndf6
23.Qd1 Re7 24.f3 Nxg3 25.Nxg3 Qxg3 26.e4 fxe4 27.fxe4 Ng4 28.Nf3 Rf8 29.Qe2 Rxf3
30.Qxf3 Qh2+ 31.Kf1 Rf7  0-1

[Event "Fide Mercenarios 5th"]
[Site "MEX"]
[Date "1995.??.??"]
[Round "4"]
[White "Araiza Munoz, Jose Joaquin"]
[Black "Padilla, Jorge"]
[Result "1-0"]
[WhiteElo "2190"]
[BlackElo "2000"]

1.d4 Nf6 2.Bg5 c5 3.Bxf6 exf6 4.d5 Qb6 5.Qc1 Bd6 6.g3 O-O 7.Bg2 Na6 8.c3 Nc7
9.Na3 Qa6 10.e3 b5 11.Ne2 Bb7 12.Qd2 Rab8 13.O-O f5 14.Nc2 Be5 15.f4 Bf6
16.g4 fxg4 17.e4 d6 18.Ne3 Bc8 19.Ng3 g6 20.e5 Bg7 21.Ne4 dxe5 22.d6 Ne6
23.fxe5 Bxe5 24.Nxg4 Bg7 25.Nef6+ Kh8 26.Rae1 Bb7 27.Nd7 Bxg2 28.Nxb8 Qb7
29.Qxg2 Qxb8 30.Qd5 Qd8 31.Kh1 h5 32.Ne5 Qh4 33.Nxg6+ fxg6 34.Qxe6 Rxf1+
35.Rxf1 b4 36.d7  1-0